000 00530nam a2200181Ia 4500
005 20250508160506.0
008 008 250505s9999 xx 000 0 eng d
037 _aTextual
040 _aFEDL
_beng
_cFEDL
041 _aeng
_2eng
084 _a420, OSM
_qFEDL
100 _aOsman Neile
_969810
245 0 _aModern english: A self-tutor or class text for foreign students
260 _aLondon, UK
_bOxford University Press
_c1964
300 _axvi,239p
942 _cTEXL
_h420, OSM
999 _c1364945
_d1364945